<?xml version="1.0" encoding="UTF-8"?>
<record
    xmlns:xsi="http://www.w3.org/2001/XMLSchema-instance"
    xsi:schemaLocation="http://www.loc.gov/MARC21/slim http://www.loc.gov/standards/marcxml/schema/MARC21slim.xsd"
    xmlns="http://www.loc.gov/MARC21/slim">

  <leader>01400nam a22002653i 4500</leader>
  <controlfield tag="001">82027</controlfield>
  <controlfield tag="003">BD-RjUL</controlfield>
  <controlfield tag="005">20231003101848.0</controlfield>
  <controlfield tag="008">220616s1936    ii            ||| | urd d</controlfield>
  <datafield tag="035" ind1=" " ind2=" ">
    <subfield code="a">(BD-RjUL)82027</subfield>
  </datafield>
  <datafield tag="040" ind1=" " ind2=" ">
    <subfield code="a">UkOxU</subfield>
    <subfield code="b">eng</subfield>
    <subfield code="e">rda</subfield>
    <subfield code="c">UkOxU</subfield>
  </datafield>
  <datafield tag="041" ind1=" " ind2=" ">
    <subfield code="a">urd</subfield>
  </datafield>
  <datafield tag="082" ind1=" " ind2=" ">
    <subfield code="2">23</subfield>
    <subfield code="a">891.43914</subfield>
    <subfield code="b">CHS 1936</subfield>
  </datafield>
  <datafield tag="100" ind1="1" ind2="0">
    <subfield code="a">&#x686;&#x646;&#x62F;, &#x634;&#x64A;&#x62E; chand, Sheikh</subfield>
    <subfield code="9">9311</subfield>
  </datafield>
  <datafield tag="245" ind1="0" ind2="0">
    <subfield code="a">Saud&#x101; :&#x633;&#x648;&#x62F;&#x627; :/</subfield>
    <subfield code="b">maq&#x101;lah-yi ta&#x1E25;q&#x12B;q, Shu&#x2BB;bah-yi Urd&#x16B;, Jami&#x2BB;ah Us&#x332;m&#x101;n&#x12B;yah jis me&#x1E49; Mirz&#x101; Mu&#x1E25;ammad Raf&#x12B;&#x2BB; Saud&#x101; k&#x12B; &#x1E25;ay&#x101;t aur ta&#x1E63;&#x101;n&#x12B;f va kal&#x101;m par mufa&#x1E63;&#x1E63;al ta&#x1E25;q&#x12B;q&#x12B; va tanq&#x12B;d&#x12B; ba&#x1E25;a&#x1E63; k&#x12B; ga&#x2BC;&#x12B; hai /&#x645;&#x642;&#x627;&#x644;&#x6C1; &#x62A;&#x62D;&#x642;&#x64A;&#x642;&#x60C; &#x634;&#x639;&#x628;&#x6C2; &#x627;&#x631;&#x62F;&#x648;&#x60C; &#x62C;&#x627;&#x645;&#x639;&#x6C1; &#x639;&#x62B;&#x645;&#x627;&#x646;&#x64A;&#x6C1; &#x62C;&#x633; &#x645;&#x64A;&#x6BA; &#x645;&#x631;&#x632;&#x627; &#x645;&#x62D;&#x645;&#x62F; &#x631;&#x641;&#x64A;&#x639; &#x633;&#x648;&#x62F;&#x627; &#x6A9;&#x6CC; &#x62D;&#x64A;&#x627;&#x62A; &#x627;&#x648;&#x631; &#x62A;&#x635;&#x627;&#x646;&#x64A;&#x641; &#x648;&#x6A9;&#x644;&#x627;&#x645; &#x67E;&#x631; &#x645;&#x641;&#x635;&#x644; &#x62A;&#x62D;&#x642;&#x64A;&#x642;&#x6CC; &#x648;&#x62A;&#x646;&#x642;&#x64A;&#x62F;&#x6CC; &#x628;&#x62D;&#x62B; &#x6A9;&#x6CC; &#x6AF;&#x626;&#x6CC; &#x6BE;&#x6D2; /</subfield>
    <subfield code="c">az Shai&#x1E35;&#x1E96; Ch&#x101;&#x1E49;d.&#x627;&#x632; &#x634;&#x64A;&#x62E; &#x686;&#x646;&#x62F;.</subfield>
  </datafield>
  <datafield tag="264" ind1=" " ind2="1">
    <subfield code="6"> </subfield>
    <subfield code="a">Aurang&#x101;b&#x101;d :&#x627;&#x648;&#x631;&#x646;&#x6AF;&#x200F;&#x622;&#x628;&#x627;&#x62F; :</subfield>
    <subfield code="b">Anjuman Taraqq&#x12B;-yi Urd&#x16B;,&#x627;&#x646;&#x62C;&#x645;&#x646; &#x62A;&#x631;&#x642;&#x6CC; &#x627;&#x631;&#x62F;&#x648;&#x60C;</subfield>
    <subfield code="c">1936.</subfield>
  </datafield>
  <datafield tag="300" ind1=" " ind2=" ">
    <subfield code="a">14, 397 pages ;</subfield>
    <subfield code="c">25 cm</subfield>
  </datafield>
  <datafield tag="336" ind1=" " ind2=" ">
    <subfield code="a">text</subfield>
    <subfield code="2">rdacontent</subfield>
  </datafield>
  <datafield tag="337" ind1=" " ind2=" ">
    <subfield code="a">unmediated</subfield>
    <subfield code="2">rdamedia</subfield>
  </datafield>
  <datafield tag="338" ind1=" " ind2=" ">
    <subfield code="a">volume</subfield>
    <subfield code="2">rdacarrier</subfield>
  </datafield>
  <datafield tag="490" ind1="1" ind2=" ">
    <subfield code="a">Silsilah-yi mat&#x324;b&#x16B;&#x2BB;&#x101;t-i Majlis-i Ta&#x1E25;q&#x12B;q&#x101;t-i &#x2BB;Ilmiyyah, J&#x101;mi&#x2BB;ah &#x2BB;Us&#x332;m&#x101;niyah ;</subfield>
    <subfield code="v">1.</subfield>
  </datafield>
  <datafield tag="600" ind1=" " ind2=" ">
    <subfield code="a"> Saud&#x101;, Mirz&#x101; Mu&#x1E25;ammad Rafi&#x2BB;,  	</subfield>
    <subfield code="d">1713-1781</subfield>
    <subfield code="9">9314</subfield>
  </datafield>
  <datafield tag="650" ind1=" " ind2=" ">
    <subfield code="a"> Urdu poet</subfield>
    <subfield code="y">1713-1781,</subfield>
    <subfield code="9">9313</subfield>
  </datafield>
  <datafield tag="942" ind1=" " ind2=" ">
    <subfield code="2">ddc</subfield>
    <subfield code="c">BK</subfield>
  </datafield>
  <datafield tag="999" ind1=" " ind2=" ">
    <subfield code="c">82027</subfield>
    <subfield code="d">82027</subfield>
  </datafield>
  <datafield tag="952" ind1=" " ind2=" ">
    <subfield code="0">0</subfield>
    <subfield code="1">0</subfield>
    <subfield code="2">ddc</subfield>
    <subfield code="4">0</subfield>
    <subfield code="7">1</subfield>
    <subfield code="8">NFIC</subfield>
    <subfield code="a">RUCL</subfield>
    <subfield code="b">RUCL</subfield>
    <subfield code="c">Reading</subfield>
    <subfield code="d">1973-10-15</subfield>
    <subfield code="e">Quran Manjil Rajshahi.</subfield>
    <subfield code="g">5.00</subfield>
    <subfield code="l">0</subfield>
    <subfield code="o">U 891.43914 CHS 1936</subfield>
    <subfield code="r">2023-10-03 00:00:00</subfield>
    <subfield code="t">C-1</subfield>
    <subfield code="w">2023-10-03</subfield>
    <subfield code="y">BK</subfield>
  </datafield>
</record>
